| 000 | 00589nam a2200217Ia 4500 | ||
|---|---|---|---|
| 999 |
_c36436 _d36436 |
||
| 001 | 2351 | ||
| 003 | GE_BSU | ||
| 005 | 20221027130619.0 | ||
| 008 | 181216s2009bu xx |||||||||||||| ||bul|| | ||
| 040 | _cGE_BSU | ||
| 041 | _abul | ||
| 080 | _a327(479.2) W-81 | ||
| 100 |
_aKristina Popova и др. _915580 |
||
| 245 |
_aWomen and minorities:Ways of archiving _bVol.1 _c Popova Kristina и др. |
||
| 264 |
_aSofia, _b2009. |
||
| 300 |
_a293 c. : _b24 cm. |
||
| 653 | _aWays of archiving. | ||
| 653 | _aWomen and minorities | ||
| 653 | _aპლოიტიკა | ||
| 942 |
_cBK _2udc |
||